Fortran programming / (Record no. 9675)
[ view plain ]
| 000 -LEADER | |
|---|---|
| fixed length control field | 00513cam a2200217ua 4500 |
| 041 ## - LANGUAGE CODE | |
| Language code of text/sound track or separate title | eng |
| 082 ## - DEWEY DECIMAL CLASSIFICATION NUMBER | |
| Classification number | 005.133 |
| Item number | JAI/FO |
| 100 ## - MAIN ENTRY--AUTHOR NAME | |
| Personal name | Jain, A K . |
| 245 ## - TITLE STATEMENT | |
| Title | Fortran programming / |
| 250 ## - EDITION STATEMENT | |
| Edition statement | 2 / |
| 260 ## - PUBLICATION, DISTRIBUTION, ETC. (IMPRINT) | |
| Place of publication | Roorkee : |
| Name of publisher | Nem Chand And Bros , |
| Year of publication | 1984. |
| 300 ## - PHYSICAL DESCRIPTION | |
| Number of Pages | 312 ; . |
| 700 1# - ADDED ENTRY--PERSONAL NAME | |
| Personal name | Keshavarao, M N . |
| 942 ## - ADDED ENTRY ELEMENTS (KOHA) | |
| Koha item type | Books |
| Withdrawn status | Lost status | Damaged status | Home library | Current library | Date acquired | Full call number | Accession Number | Koha item type |
|---|---|---|---|---|---|---|---|---|
| KAUAET | KAUAET | 15/12/1988 | 005.133 | 16486 | Books | |||
| KAUAET | KAUAET | 15/12/1988 | 005.133 | 16487 | Books | |||
| Withdrawn | Damaged | KAUAET | KAUAET | 15/12/1988 | 005.133 | 16484 | Books |
